000 01140nam a2200289Ia 4500
001 ebr10076763
003 CaPaEBR
006 m u
007 cr cn|||||||||
008 031029s2004 enka sb 001 0 eng d
020 _z1412900026
020 _z1412900034 (pbk.) :
040 _aCaPaEBR
_cCaPaEBR
035 _a(OCoLC)70753944
050 1 4 _aHF5415
_b.C43 2004eb
100 1 _aChaston, Ian.
245 1 0 _aKnowledge-based marketing
_h[electronic resource] :
_bthe twenty-first century competitive edge /
_cIan Chaston.
260 _aLondon ;
_aThousand Oaks, Calif. :
_bSAGE,
_c2004.
300 _axi, 274 p. :
_bill.
504 _aIncludes bibliographical references (p. 254-267) and index.
533 _aElectronic reproduction.
_bPalo Alto, Calif. :
_cebrary,
_d2009.
_nAvailable via World Wide Web.
_nAccess may be limited to ebrary affiliated libraries.
650 0 _aMarketing.
650 0 _aMarketing research.
655 7 _aElectronic books.
_2local
710 2 _aebrary, Inc.
856 4 0 _uhttp://site.ebrary.com/lib/rucke/Doc?id=10076763
_zAn electronic book accessible through the World Wide Web; click to view
999 _c74002
_d74002